|
|
|
|
| LEADER |
00000nam0a2200000 4500 |
| 001 |
258727 |
| 005 |
20231031220337.0 |
| 020 |
|
|
|a RU
|b 87-13803
|
| 035 |
|
|
|a (RuTPU)RU\TPU\book\281615
|
| 090 |
|
|
|a 258727
|
| 100 |
|
|
|a 20140428d1986 k a0rusy5003 ca
|
| 101 |
0 |
|
|a rus
|
| 102 |
|
|
|a RU
|
| 105 |
|
|
|a a z 001zy
|
| 200 |
1 |
|
|a Проблемы разведки и добычи нефти на Мангышлаке
|f Казахский государственный научно-исследовательский и проектный институт нефтяной промышленности (КазНИПИнефть) ; под ред. В. Д. Лысенко
|
| 210 |
|
|
|a Грозный
|c Изд-во СевКавНИПИнефть
|d 1986
|
| 215 |
|
|
|a 79 с.
|c ил.
|
| 225 |
1 |
|
|a Труды КазНИПИнефть
|v Вып. 13
|
| 320 |
|
|
|a Библиогр. в конце ст.
|
| 606 |
1 |
|
|a Нефтедобыча
|2 stltpush
|3 (RuTPU)RU\TPU\subj\42136
|
| 610 |
1 |
|
|a нефтяные месторождения
|
| 610 |
1 |
|
|a поиски
|
| 610 |
1 |
|
|a разведка
|
| 610 |
1 |
|
|a Мангышлак
|
| 610 |
1 |
|
|a нефтегазоносность
|
| 675 |
|
|
|a 622.276
|z rus
|
| 702 |
|
1 |
|a Лысенко
|b В. Д.
|4 340
|
| 712 |
0 |
2 |
|a Казахский государственный научно-исследовательский и проектный институт нефтяной промышленности (КазНИПИнефть)
|2 stltpush
|3 (RuTPU)RU\TPU\col\12546
|
| 801 |
|
0 |
|a RU
|b RuMRKP
|c 19950417
|g psbo
|
| 801 |
|
1 |
|a RU
|b 63413507
|c 20140428
|
| 801 |
|
2 |
|a RU
|b 63413507
|c 20141127
|g RCR
|
| 942 |
|
|
|c BK
|